[Event "Amber Rapidplay"]
[Site "Monaco MNC"]
[Date "2002.03.19"]
[Round "4"]
[White "Ivanchuk,V"]
[Black "Ljubojevic,L"]
[Result "1-0"]
[WhiteElo "2717"]
[BlackElo "2548"]

1.Nf3 Nf6 2.c4 c5 3.Nc3 e6 4.g3 b6 5.Bg2 Bb7 6.O-O Be7 7.b3 O-O 8.Bb2 d5
9.e3 Nc6 10.cxd5 exd5 11.d4 Re8 12.Rc1 Bf8 13.Re1 Rc8 14.Bh3 Rb8 15.Ne2 Ne4
16.Nf4 cxd4 17.Nxd4 Nxd4 18.Qxd4 Qd6 19.Red1 Rbd8 20.Bg2 a6 21.a3 Rd7 22.b4 Red8
23.h4 a5 24.bxa5 bxa5 25.Qa4 Nc5 26.Qc2 Qa6 27.Qf5 Na4 28.Bd4 Nb6 29.Ne6 fxe6
30.Qxe6+ Kh8 31.Qxb6 Bxa3 32.Ra1 Bb4 33.Bh3 Rd6 34.Qc7 Rg8 35.Rdc1 Bc6 36.Bxg7+ Rxg7
37.Qb8+ Rg8 38.Qxb4 axb4 39.Rxa6 Rgg6 40.Rb6 Bd7 41.Rxd6 Rxd6 42.Bxd7 Rxd7
43.Rc8+ Kg7 44.Rb8 d4 45.Rxb4 dxe3 46.fxe3 Rd2 47.Kf1 Rc2 48.Rf4 h5 49.Rf5 Kg6
50.Rg5+ Kh6 51.e4 Ra2 52.e5 Rb2 53.e6 Rb6 54.Re5  1-0

[Event "Amber Rapidplay"]
[Site "Monaco MNC"]
[Date "2002.03.23"]
[Round "7"]
[White "Topalov,V"]
[Black "Ivanchuk,V"]
[Result "1/2-1/2"]
[WhiteElo "2739"]
[BlackElo "2717"]

1.e4 Nf6 2.e5 Nd5 3.d4 d6 4.Nf3 dxe5 5.Nxe5 g6 6.Bc4 c6 7.O-O Bg7 8.Bb3 O-O
9.Re1 Be6 10.c3 Nd7 11.Nf3 Bg4 12.Nbd2 e6 13.h3 Bxf3 14.Nxf3 a5 15.Bg5 Qc7
16.a4 Rfe8 17.Bh4 N7f6 18.Bg3 Qe7 19.Ne5 Nh5 20.Bh2 Bh6 21.Qf3 Qf6 22.Qxf6 Nhxf6
23.Nd3 Bf8 24.g4 Red8 25.Kg2 Bd6 26.Bxd6 Rxd6 27.f3 Rdd8 28.Kg3 Kg7 29.h4 Rac8
30.Rad1 Rc7 31.Nc5 b6 32.Nd3  1/2-1/2

[Event "Amber Rapidplay"]
[Site "Monaco MNC"]
[Date "2002.03.24"]
[Round "8"]
[White "Ivanchuk,V"]
[Black "Gelfand,B"]
[Result "0-1"]
[WhiteElo "2717"]
[BlackElo "2703"]

1.e4 c5 2.Nf3 d6 3.d4 cxd4 4.Nxd4 Nf6 5.Nc3 a6 6.Be3 e5 7.Nb3 Be6 8.Qd2 Nbd7
9.f3 b5 10.a4 b4 11.Nd5 Bxd5 12.exd5 Nb6 13.Bxb6 Qxb6 14.a5 Qb7 15.Bc4 g6
16.Nc1 h5 17.Nd3 Rb8 18.Ra4 Bh6 19.Qxb4 Qc7 20.Qc3 Nxd5 21.Bxd5 Qxc3+ 22.bxc3 Rb1+
23.Ke2 Rxh1 24.Rb4 O-O 25.Rb6 Rc8 26.c4 Rxh2 27.Kf2 Rh4 28.c5 Rd4 29.Rxd6 Bf8
30.Rd7 Bxc5 31.Kg3 Be7 32.Nxe5 Rxd5 33.Rxd5 Rxc2 34.Rd7 Kf8 35.Ra7 Bd6 36.f4 Rc3+
37.Kh2 Bxe5 38.fxe5 Re3 39.Rxa6 Rxe5 40.Ra7 Kg7 41.Kg3 Rf5 42.a6 Ra5 43.Kf3 Ra2
44.g3 Ra3+ 45.Kg2 Kf6 46.Kf2 g5 47.Kg2 Kg6 48.Ra8 Kf5 49.Kh3 h4 50.Rf8 Rxg3+
51.Kh2 Ra3 52.Rxf7+ Kg4 53.a7 Ra2+ 54.Kg1 Kg3 55.Kf1 h3 56.Rb7 Ra1+ 57.Ke2 h2
58.Rh7 Rxa7  0-1

[Event "Amber Rapidplay"]
[Site "Monaco MNC"]
[Date "2002.03.27"]
[Round "10"]
[White "Ivanchuk,V"]
[Black "Almasi,Z"]
[Result "1/2-1/2"]
[WhiteElo "2717"]
[BlackElo "2644"]

1.e4 e5 2.Nf3 Nc6 3.Bb5 Nf6 4.O-O Nxe4 5.d4 Nd6 6.Bxc6 dxc6 7.dxe5 Nf5 8.Qxd8+ Kxd8
9.Nc3 Ne7 10.h3 Ng6 11.Bg5+ Ke8 12.Rad1 Bd7 13.Rd2 Be7 14.Bxe7 Kxe7 15.Nd4 Rhd8
16.f4 c5 17.Nb3 Bc6 18.Re2 b6 19.f5 Nh4 20.Rf4 g5 21.Rff2 Rg8 22.Kh2 Rad8
23.Rd2 g4 24.hxg4 Rxg4 25.Kh3 Rxd2 26.Nxd2 Rxg2 27.Rxg2 Nxg2 28.Nc4 Ne1 29.Ne3 Nf3
30.Ncd5+ Kd8 31.Nf6 Nxe5 32.Nxh7 Ke7 33.Ng5 Kf6 34.Nh7+ Kg7 35.Ng5 Kf6 36.Nh7+ Kg7
37.Ng5  1/2-1/2

[Event "Amber Rapidplay"]
[Site "Monaco MNC"]
[Date "2002.03.28"]
[Round "11"]
[White "Leko,P"]
[Black "Ivanchuk,V"]
[Result "1/2-1/2"]
[WhiteElo "2713"]
[BlackElo "2717"]

1.e4 e6 2.d4 d5 3.Nc3 Bb4 4.e5 Ne7 5.a3 Bxc3+ 6.bxc3 c5 7.Qg4 O-O 8.Bd3 f5
9.exf6 Rxf6 10.Bg5 Rf7 11.Qh5 g6 12.Qd1 Qa5 13.Qd2 Nec6 14.Nf3 Nd7 15.O-O cxd4
16.cxd4 Qxd2 17.Bxd2 e5 18.Nxe5 Ndxe5 19.dxe5 Nxe5 20.Rfe1 Nxd3 21.Re8+ Rf8
22.Rxf8+ Kxf8 23.cxd3 Bf5 24.Rc1 Rc8 25.Rxc8+  1/2-1/2

[Event "FIDE GP"]
[Site "Dubai UAE"]
[Date "2002.04.04"]
[Round "2.1"]
[White "Ivanchuk,V"]
[Black "Bacrot,E"]
[Result "1/2-1/2"]
[WhiteElo "2717"]
[BlackElo "2649"]

1.e4 e5 2.Nf3 Nc6 3.Bb5 a6 4.Ba4 Nf6 5.O-O Be7 6.Bxc6 dxc6 7.Nc3 Nd7 8.d4 Bf6
9.dxe5 Nxe5 10.Qxd8+ Kxd8 11.Nd4 Nc4 12.Rd1 Bd7 13.f4 c5 14.Nde2 Bxc3 15.Nxc3 Re8
16.e5 Kc8 17.b3 Na5 18.Nd5 Nc6 19.Bb2 h5 20.Rd2 Be6 21.c4 b6 22.h3 Kb7 23.Kf2 Ne7
24.Rad1 h4 25.Nc3 Bf5 26.Kf3 Bg6 27.Kf2  1/2-1/2

[Event "FIDE GP"]
[Site "Dubai UAE"]
[Date "2002.04.07"]
[Round "4.2"]
[White "Short,N"]
[Black "Ivanchuk,V"]
[Result "1/2-1/2"]
[WhiteElo "2663"]
[BlackElo "2717"]

1.e4 e5 2.Nf3 Nc6 3.Bb5 a6 4.Ba4 Nf6 5.O-O Be7 6.Re1 b5 7.Bb3 O-O 8.a3 d6
9.c3 Be6 10.Bxe6 fxe6 11.d4 Qe8 12.dxe5 Nxe5 13.Nxe5 dxe5 14.Be3 Nxe4 15.Qg4 Qg6
16.Qxg6 hxg6 17.Nd2 Nxd2 18.Bxd2 Rfd8 19.Be3 c5 20.a4 c4 21.axb5 axb5 22.f3 Ra4
23.Kf1 Rda8 24.Rab1 Rd8 25.Bf2 Bf6 26.Bg3 Rd5 27.Re2 Kf7 28.Ke1 b4 29.Re4 b3
30.h4 Be7 31.Bh2 Rda5 32.Ke2 Ra1 33.Rxa1 Rxa1 34.Rxc4 Rb1 35.Bxe5 Rxb2+ 36.Kd3 Rxg2
37.Rc7 Ke8 38.Bxg7 Bxh4 39.Rb7 Rf2 40.Ke3 Rb2 41.Be5 Rb1 42.Kd3 b2 43.f4 Bg3
44.Kc2 Rf1 45.Kxb2 Bxf4 46.Bxf4 Rxf4 47.Kb3 e5 48.c4 e4 49.Kc3 e3 50.Kd3 e2
51.Kxe2 Rxc4  1/2-1/2

[Event "FIDE GP"]
[Site "Dubai UAE"]
[Date "2002.04.08"]
[Round "5.2"]
[White "Lautier,J"]
[Black "Ivanchuk,V"]
[Result "1-0"]
[WhiteElo "2687"]
[BlackElo "2717"]

1.d4 e6 2.c4 b6 3.e4 Bb7 4.Bd3 Nc6 5.Ne2 Nb4 6.Nbc3 Nxd3+ 7.Qxd3 d6 8.O-O Nf6
9.f4 Be7 10.e5 Nd7 11.f5 exf5 12.Qxf5 O-O 13.exd6 cxd6 14.Bf4 a6 15.a4 Qc7
16.b3 Rae8 17.Qd3 f5 18.Bd2 g6 19.Nf4 Bg5 20.Rae1 Bxf4 21.Bxf4 Nf6 22.d5 Ng4
23.Qd4 Bc8 24.h3 Ne5 25.Re2 Rf7 26.Rfe1 Rfe7 27.Kh1 Qc5 28.Qd1 Bd7 29.Bg5 Rf7
30.Be3 Qc7 31.Bd4 h6 32.a5 bxa5 33.c5 Rfe7 34.c6 Bc8 35.Qd2 g5 36.Na4 f4
37.Bxe5 Rxe5 38.Rxe5 dxe5 39.Nc5 Bf5 40.Ne4 Bxe4 41.Rxe4 Qd6 42.Qd3 Kg7 43.Rc4 Rc8
44.Qe4 Rc7 45.Ra4 h5 46.Rxa5 g4 47.Rxa6 g3 48.Ra1 Kf6 49.b4 Rc8 50.b5 Qc5
51.Re1 Re8 52.Rb1 Rb8 53.Qd3 Ke7 54.Qh7+ Kf6 55.Qh6+ Kf5 56.Qe6+ Ke4 57.Re1+ Qe3
58.Qg6+ Kd4 59.Rxe3 fxe3 60.c7 Rf8 61.Qxg3 e2 62.Kh2 Kxd5 63.Qd3+  1-0

[Event "FIDE GP"]
[Site "Dubai UAE"]
[Date "2002.04.08"]
[Round "5.1"]
[White "Ivanchuk,V"]
[Black "Lautier,J"]
[Result "1/2-1/2"]
[WhiteElo "2717"]
[BlackElo "2687"]

1.e4 c5 2.Nf3 Nc6 3.d4 cxd4 4.Nxd4 Nf6 5.Nc3 e5 6.Ndb5 d6 7.Bg5 a6 8.Na3 b5
9.Nd5 Be7 10.Bxf6 Bxf6 11.c3 O-O 12.Nc2 Rb8 13.Bd3 Bg5 14.h4 Bh6 15.g4 Bf4
16.Qe2 Be6 17.g5 Re8 18.Kf1 Qd7 19.Kg2 Qb7 20.f3 Ne7 21.Nxf4 exf4 22.Nd4 Ng6
23.Qd2 Qe7 24.Kf2 d5 25.exd5 Bxd5 26.Bxg6 fxg6 27.Rae1 Qf7 28.a3 Re3 29.Rxe3 fxe3+
30.Qxe3 Re8 31.Qd2 Rf8 32.Rh3 Kh8 33.Rg3 Re8 34.Rg4 Rf8 35.Qe3 Bb7 36.Ne6 Qxf3+
37.Qxf3 Rxf3+ 38.Ke2 Rf5 39.Rd4 Bd5 40.Nf4 Bc4+ 41.Ke3 Rf8 42.a4 Kg8 43.a5 Re8+
44.Kf3 Re1 45.Rd8+ Kf7 46.Rd7+ Kf8 47.Ra7 Rb1 48.Rxa6 Rxb2 49.Ra8+ Ke7 50.Ra7+ Kd6
51.Ke3 Rc2 52.Kd4 Rd2+ 53.Ke4 Rc2 54.Rxg7 Rxc3 55.Rxh7 Ra3 56.Rg7 Kc5 57.Rxg6 b4
58.Ne6+ Kb5 59.Nd4+ Kxa5 60.Rg7 Rh3 61.Rb7 Rxh4+ 62.Ke5 Rg4 63.Nc6+ Ka6 64.Rxb4 Rxg5+
65.Kd6 Rd5+ 66.Kc7 Bb5  1/2-1/2

[Event "FIDE GP"]
[Site "Moscow RUS"]
[Date "2002.06.05"]
[Round "5.3"]
[White "Grischuk,A"]
[Black "Ivanchuk,V"]
[Result "1-0"]
[WhiteElo "2702"]
[BlackElo "2711"]

1.e4 Nf6 2.e5 Nd5 3.d4 d6 4.Nf3 dxe5 5.Nxe5 g6 6.g3 Bg7 7.Bg2 O-O 8.O-O c6
9.Nd2 Nd7 10.Re1 Nxe5 11.dxe5 Bf5 12.a3 Qc7 13.Nf3 Bg4 14.Qe2 b5 15.h3 Bxf3
16.Bxf3 e6 17.h4 h6 18.b3 a5 19.c4 bxc4 20.bxc4 Nb6 21.Bf4 a4 22.Rad1 Qe7
23.Rd6 g5 24.hxg5 hxg5 25.Bd2 Nd7 26.Bxc6 Nxe5 27.Bxa8 Qxd6 28.Bb4 Qb8 29.Be4 Rd8
30.c5 g4 31.c6 Qc7 32.Qb5 Nf3+ 33.Bxf3 gxf3 34.Ba5 Rb8 35.Bxc7 Rxb5 36.Bd6 Rb2
37.Rc1 Bd4 38.c7 Bxf2+ 39.Kh1 Be3 40.c8=Q+ Kh7 41.Be5 Bxc1 42.Qh8+ Kg6 43.Qf6+ Kh5
44.Qxf3+  1-0

[Event "FIDE GP"]
[Site "Moscow RUS"]
[Date "2002.06.05"]
[Round "5.1"]
[White "Grischuk,A"]
[Black "Ivanchuk,V"]
[Result "1-0"]
[WhiteElo "2702"]
[BlackElo "2711"]

1.e4 c5 2.Nf3 Nc6 3.d4 cxd4 4.Nxd4 Nf6 5.Nc3 e5 6.Ndb5 d6 7.Bg5 a6 8.Na3 b5
9.Bxf6 gxf6 10.Nd5 f5 11.Bd3 Be6 12.O-O Bg7 13.Qh5 f4 14.c4 bxc4 15.Bxc4 O-O
16.Rac1 Rb8 17.b3 Qd7 18.Rfd1 Kh8 19.Qh4 Bxd5 20.Bxd5 Nb4 21.Nc4 Nxa2 22.Rc2 Nb4
23.Rcd2 Qd8 24.Qxd8 Rbxd8 25.Nb6 f3 26.Bc4 d5 27.Nxd5 Bh6 28.Ne3 Rxd2 29.Rxd2 fxg2
30.Kxg2 Rg8+ 31.Kh3 Bxe3 32.fxe3 Rg1 33.Rd7 Kg7 34.Rxf7+ Kg6 35.Re7 Re1 36.Re6+ Kg7
37.Re7+ Kf6 38.Re6+ Kg7 39.Kg4 Rxe3 40.Kf5 Nd3 41.Re7+ Kh6 42.Re6+ Kh5 43.Bxd3 Rxd3
44.b4 Rh3 45.Rxa6 Rxh2 46.Kxe5 Kg4 47.Ra1 Rb2 48.Rg1+ Kf3 49.Rf1+ Kg4 50.Rf4+ Kg3
51.Kf5 Rxb4 52.Rg4+ Kf3 53.Rh4 Rb7 54.e5 Kg3 55.Rh6 Rf7+ 56.Ke6 Ra7 57.Kf6 Kg4
58.e6 Rb7 59.e7 Rb6+ 60.Kg7 Rb7 61.Kf7  1-0

[Event "Saraybahce Blitz Exhib"]
[Site "Kocaeli TUR"]
[Date "2002.08.19"]
[Round "2"]
[White "Ivanchuk,V"]
[Black "Soylu,S"]
[Result "1/2-1/2"]
[WhiteElo "2711"]
[BlackElo "2384"]

1.d4 d5 2.c4 c6 3.Nf3 Nf6 4.Nc3 dxc4 5.a4 Bf5 6.Ne5 e6 7.f3 Bb4 8.e4 Bxe4
9.fxe4 Nxe4 10.Bd2 Qxd4 11.Nxe4 Qxe4+ 12.Qe2 Bxd2+ 13.Kxd2 Qd5+ 14.Kc2 Na6
15.Nxc4 O-O-O 16.Qe3 Nc5 17.Be2 Qf5+ 18.Kc3 Qf6+ 19.Kb4 Rd5 20.Rhf1 Qe7 21.Kc3 Rhd8
22.a5 f5 23.Rad1 Ne4+ 24.Kc2 Kb8 25.Bf3 Qb4 26.Qb3 Rd2+ 27.Rxd2 Qxb3+ 28.Kxb3 Nxd2+
29.Nxd2 Rxd2 30.a6 e5 31.Kc3 Rd6 32.axb7 Kxb7 33.Be2 g6 34.Ra1 Rd5 35.Bc4 Rd6
36.Ra5 e4 37.Re5 Rd7 38.g4 fxg4 39.Rxe4 h5 40.Re6 Rd1 41.Rxg6 Rh1 42.Kd4 Rxh2
43.Kc5 Rxb2 44.Rg7+ Kb8 45.Rg5 h4 46.Rxg4 h3 47.Rg8+ Kb7 48.Rg7+ Kb8 49.Rh7 h2
50.Kxc6 Rb6+ 51.Kc5 Rb2 52.Bb5 Rc2+ 53.Kb4 Rb2+ 54.Ka4 Ra2+ 55.Kb3 Rf2 56.Bc6 Rf6
57.Bh1 Rf2 58.Kb4 Rb2+ 59.Kc5 Rc2+ 60.Kd6 Rd2+ 61.Bd5 a5 62.Kc5 a4 63.Bc6 a3
64.Kb6 Rb2+ 65.Bb5 Rxb5+ 66.Kxb5 a2 67.Rh8+  1/2-1/2

[Event "Saraybahce Blitz Exhib"]
[Site "Kocaeli TUR"]
[Date "2002.08.20"]
[Round "1"]
[White "Ipek,A"]
[Black "Ivanchuk,V"]
[Result "0-1"]
[WhiteElo "2266"]
[BlackElo "2711"]

1.d4 Nf6 2.Nf3 c5 3.e3 g6 4.c4 Bg7 5.Nc3 O-O 6.Be2 cxd4 7.exd4 d5 8.c5 b6
9.cxb6 Qxb6 10.O-O Ba6 11.Na4 Bxe2 12.Qxe2 Qa6 13.Qxa6 Nxa6 14.Be3 Ne4 15.Rac1 Rfc8
16.a3 Kf8 17.b4 Nc7 18.Nc5 Nb5 19.a4 Nbc3 20.Ra1 Nd6 21.g3 Nc4 22.Kg2 Ne4
23.Rfc1 Nxc5 24.bxc5 e5 25.dxe5 Nxe5 26.Nxe5 Bxe5 27.Rab1 Rab8 28.Rxb8 Bxb8
29.Bd4 Rc6 30.Rb1 Bc7 31.Rb7 a6 32.f4 Ke8 33.Kf3 Kd8 34.Rb2 Re6 35.Rd2 Kd7
36.Rd3 Kc6 37.Bf2 Re4 38.Bd4 Ba5 39.Rd1 Bb4 40.Rd3  0-1

[Event "Saraybahce Blitz Exhib"]
[Site "Kocaeli TUR"]
[Date "2002.08.20"]
[Round "2"]
[White "Ivanchuk,V"]
[Black "Ipek,A"]
[Result "1-0"]
[WhiteElo "2711"]
[BlackElo "2266"]

1.e4 c5 2.Nf3 e6 3.c4 Nc6 4.Nc3 d6 5.d4 cxd4 6.Nxd4 Nf6 7.Be2 Be7 8.O-O O-O
9.Be3 Bd7 10.Rc1 Nxd4 11.Qxd4 Bc6 12.Rfd1 b6 13.f3 Rc8 14.Qd2 Nd7 15.Nb5 Bxb5
16.cxb5 Nf6 17.Rc6 d5 18.e5 Nd7 19.f4 Nc5 20.b4 Ne4 21.Qd4 Rxc6 22.bxc6 Qc7
23.Rc1 g6 24.a4 f6 25.Bd3 f5 26.h3 Bd8 27.Bxe4 fxe4 28.b5 Qe7 29.Qc3 Bc7
30.a5 g5 31.axb6 axb6 32.fxg5 Qg7 33.Bd4 Qxg5 34.Ra1 Rf3 35.Qb4 Rf7 36.Qb2 e3
37.Qe2 Bxe5 38.Ra8+ Kg7 39.Qg4 Rf5 40.Bxe5+ Rxe5 41.Qxg5+ Rxg5 42.c7 e2 43.Ra1  1-0

[Event "Saraybahce Blitz Exhib"]
[Site "Kocaeli TUR"]
[Date "2002.08.22"]
[Round "1"]
[White "Ivanchuk,V"]
[Black "Atakisi,U"]
[Result "1-0"]
[WhiteElo "2711"]
[BlackElo "2361"]

1.e4 c5 2.Nf3 Nc6 3.d4 cxd4 4.Nxd4 Nf6 5.Nc3 e5 6.Ndb5 d6 7.Bg5 a6 8.Na3 b5
9.Bxf6 gxf6 10.Nd5 Bg7 11.c3 f5 12.exf5 Bxf5 13.Nc2 O-O 14.Nce3 Bd7 15.Bd3 f5
16.Qh5 e4 17.Bc2 Qe8 18.Qh4 Qe5 19.O-O-O Rab8 20.f4 exf3 21.gxf3 b4 22.Rhe1 Be6
23.f4  1-0

[Event "Saraybahce Blitz Exhib"]
[Site "Kocaeli TUR"]
[Date "2002.08.22"]
[Round "2"]
[White "Atakisi,U"]
[Black "Ivanchuk,V"]
[Result "0-1"]
[WhiteElo "2361"]
[BlackElo "2711"]

1.e4 c5 2.Nf3 d6 3.d4 cxd4 4.Nxd4 Nf6 5.Nc3 Nc6 6.Bg5 e6 7.Qd2 a6 8.O-O-O h6
9.Bf4 Bd7 10.Nxc6 Bxc6 11.Qe1 Be7 12.h4 Qc7 13.Kb1 b5 14.f3 b4 15.Ne2 e5
16.Bh2 a5 17.Ng3 g6 18.h5 Bd7 19.Bg1 Rb8 20.Be3 g5 21.Nf5 Bxf5 22.exf5 a4
23.b3 O-O 24.Bc1 Rfc8 25.Bd3 Nd5 26.Bb2 Nc3+ 27.Bxc3 bxc3 28.f6 axb3 29.axb3 Rxb3+
30.cxb3 c2+ 31.Kc1 cxd1=Q+ 32.Kxd1 Bxf6 33.Ke2 d5  0-1

[Event "Saraybahce Blitz Exhib"]
[Site "Kocaeli TUR"]
[Date "2002.08.23"]
[Round "1"]
[White "Bayram,Y"]
[Black "Ivanchuk,V"]
[Result "1/2-1/2"]
[WhiteElo "2281"]
[BlackElo "2711"]

1.d4 Nf6 2.c4 e6 3.Nf3 b6 4.a3 Ba6 5.Qc2 Bb7 6.Nc3 c5 7.d5 exd5 8.cxd5 Nxd5
9.Bd2 Nc7 10.e4 Nc6 11.O-O-O Nd4 12.Qd3 Nce6 13.Kb1 g6 14.h4 h5 15.Ng5 Bg7
16.f4 Nxg5 17.hxg5 Qe7 18.Nd5 Bxd5 19.exd5 O-O-O 20.d6 Qxd6 21.g3 Qc6 22.Rh2 Rhe8
23.Bg2 d5 24.Bc3 Kb8 25.g4 hxg4 26.Rh7 Rg8 27.Re1 Nf5 28.Bxg7 Rxg7 29.Rxg7 Nxg7
30.Re7 Rd7 31.Qe2 Ne6 32.Qe5+ Kc8 33.Rxf7 Rxf7 34.Bxd5 Rf5 35.Qh8+ Rf8 36.Qe5 Rf5
37.Qh8+ Rf8 38.Qe5 Rf5  1/2-1/2

[Event "Saraybahce Blitz Exhib"]
[Site "Kocaeli TUR"]
[Date "2002.08.23"]
[Round "2"]
[White "Ivanchuk,V"]
[Black "Bayram,Y"]
[Result "1-0"]
[WhiteElo "2711"]
[BlackElo "2281"]

1.e4 e5 2.Nf3 Nc6 3.Bc4 Nf6 4.Ng5 d5 5.exd5 Na5 6.Bb5+ c6 7.dxc6 bxc6 8.Be2 h6
9.Nh3 Bd6 10.Nc3 O-O 11.d3 Rb8 12.O-O Rb4 13.Kh1 Rh4 14.Ng1 e4 15.h3 Bc7
16.dxe4 Nxe4 17.Qxd8 Rxd8 18.Nxe4 Rxe4 19.Bd3 Re7 20.b3 Be5 21.Ba3 Ree8 22.Rae1 Bc3
23.Rxe8+ Rxe8 24.Ne2 Be5 25.Bc5 a6 26.Bb6 Nb7 27.Bxa6 Nd6 28.Bxc8 Nxc8 29.Be3 Nd6
30.g4 h5 31.a4 hxg4 32.hxg4 Ne4 33.a5 c5 34.Rd1 Ra8 35.Rd5 Nc3 36.Rxe5 Nxe2
37.Rxc5  1-0

[Event "Saraybahce Blitz Exhib"]
[Site "Kocaeli TUR"]
[Date "2002.08.24"]
[Round "2"]
[White "Ivanchuk,V"]
[Black "Arduman,C"]
[Result "1-0"]
[WhiteElo "2711"]
[BlackElo "2358"]

1.e4 e5 2.Nf3 Nc6 3.Bb5 a6 4.Ba4 Nf6 5.O-O Be7 6.Re1 b5 7.Bb3 d6 8.c3 O-O
9.h3 Nd7 10.d4 Bf6 11.a4 Bb7 12.d5 Na5 13.Ba2 Qc8 14.b4 Nc4 15.Bxc4 bxc4
16.Na3 c6 17.Nxc4 cxd5 18.Nxd6 Qxc3 19.Nxb7 Qxa1 20.Qb3 Nb6 21.Ba3 Qxe1+
22.Nxe1 Rfb8 23.Nc5 Be7 24.exd5 Rd8 25.Nf3 Nxd5 26.Nxe5 Rac8 27.Ncd7 Bf6
28.Qxd5 Bxe5 29.Qxe5 Rxd7 30.Bb2  1-0

[Event "Saraybahce Blitz Exhib"]
[Site "Kocaeli TUR"]
[Date "2002.08.??"]
[Round "1"]
[White "Ivanchuk,V"]
[Black "Erdogan,H"]
[Result "1-0"]
[WhiteElo "2711"]
[BlackElo "2218"]

1.e4 c5 2.Nf3 d6 3.d4 cxd4 4.Nxd4 Nf6 5.Nc3 g6 6.Be3 Bg7 7.f3 Nc6 8.Qd2 Bd7
9.O-O-O Rc8 10.Kb1 a6 11.g4 h5 12.g5 Nh7 13.Nd5 O-O 14.Nb3 Ne5 15.Bb6 Qe8
16.Be2 Bb5 17.Bd4 Qd8 18.h4 e6 19.Ne3 Bxe2 20.Qxe2 Qc7 21.Rd2 Rfd8 22.Rhd1 a5
23.f4 Nc6 24.Bxg7 Kxg7 25.Qb5 b6 26.Nd4 Nf8 27.Nc4 Na7 28.Qxb6 Qxc4 29.Qxa7 a4
30.Rd3 Rd7 31.Qb6 Rcc7 32.Rc3 Qxc3 33.bxc3 Rb7 34.Qb4 Rdc7 35.Nb5  1-0

[Event "ECC"]
[Site "Halkidiki GRE"]
[Date "2002.09.25"]
[Round "4"]
[White "Ivanchuk,V"]
[Black "Banikas,H"]
[Result "1/2-1/2"]
[WhiteElo "2711"]
[BlackElo "2521"]

1.Nf3 c5 2.c4 Nf6 3.Nc3 g6 4.d4 cxd4 5.Nxd4 Nc6 6.g3 d6 7.Bg2 Bd7 8.Nc2 Bg7
9.b3 O-O 10.Bb2 Qa5 11.Qd2 a6 12.O-O Rac8 13.Rfd1 Qh5 14.Ne3 Ng4 15.Nxg4 Bxg4
16.Nd5 Qh6 17.f4 Bxb2 18.Qxb2 Bh3 19.Bf3 Qg7 20.Qd2 h5 21.Rac1 Rfe8 22.e3 Bg4
23.Bxg4 hxg4 24.b4 e6 25.Nb6 Rcd8 26.a3 g5 27.Qc3 gxf4 28.gxf4 e5 29.Nd5 Ne7
30.Nxe7+ Rxe7 31.f5 Qg5 32.e4 Rc7 33.Qd2  1/2-1/2

[Event "ECC"]
[Site "Halkidiki GRE"]
[Date "2002.09.26"]
[Round "5"]
[White "Aleksandrov,A"]
[Black "Ivanchuk,V"]
[Result "1/2-1/2"]
[WhiteElo "2654"]
[BlackElo "2711"]

1.d4 Nf6 2.c4 g6 3.Nc3 d5 4.e3 Bg7 5.Bd2 O-O 6.Rc1 c5 7.dxc5 Na6 8.Nxd5 Ne4
9.f3 Nxd2 10.Qxd2 e6 11.Nc3 Qa5 12.a3 Rd8 13.Qc2 Bd7 14.Kf2 Rac8 15.Be2 Qxc5
16.b4 Qe7 17.h4 Nc7 18.h5 Nd5 19.Nd1 a5 20.h6 Bf6 21.Qd2 axb4 22.cxd5 Rxc1
23.d6 Rxd1 24.Qxd1 Qf8 25.axb4 Be8 26.f4 Rxd6 27.Qc1 Rc6 28.Qb1 e5 29.fxe5 Bxe5
30.Nf3 Bf6 31.Qe4 Re6 32.Qxb7 Bc6 33.Qa7 Bxf3 34.gxf3 Bd8 35.Bc4 Bb6 36.Qb7 Bxe3+
37.Kg2 Re5 38.Rh4 Re7 39.Qd5 Bxh6 40.b5 Be3 41.Re4 Bb6 42.Qc6 Rxe4 43.Qxe4 Qb8
44.f4 Qa7 45.Qe8+ Kg7 46.Qe5+ f6 47.Qe6 Bc5 48.b6 Bxb6 49.Qg8+ Kh6 50.Qf8+ Qg7
51.Qxg7+ Kxg7 52.f5 Kh6 53.fxg6 hxg6 54.Bd3 Kg5 55.Kf3 f5 56.Bc2 Kf6 57.Bd3 g5
58.Bc2 g4+ 59.Kg2 Kg5 60.Bd3 Kf4 61.Bc2 Kg5 62.Bd3 f4 63.Be2 Ba7 64.Bd1  1/2-1/2

[Event "ECC"]
[Site "Halkidiki GRE"]
[Date "2002.09.27"]
[Round "6"]
[White "Ivanchuk,V"]
[Black "Azmaiparashvili,Z"]
[Result "1-0"]
[WhiteElo "2711"]
[BlackElo "2676"]

1.e4 d6 2.d4 g6 3.c4 e5 4.Nf3 Bg4 5.Be2 Nc6 6.d5 Bxf3 7.Bxf3 Nd4 8.Be3 Nxf3+
9.Qxf3 Qd7 10.g4 h5 11.g5 Qg4 12.Nd2 f5 13.gxf6 Qxf3 14.Nxf3 Nxf6 15.Rg1 Rg8
16.Ng5 Bh6 17.f3 Bxg5 18.Rxg5 b6 19.Kd2 a5 20.Kc3 Kf7 21.Kb3 Nh7 22.Rg3 g5
23.Rag1 g4 24.fxg4 hxg4 25.Rxg4 Rxg4 26.Rxg4 Nf6 27.Rg2 Rh8 28.Ka4 Nxe4 29.Kb5 Kf6
30.Kc6 Rh7 31.h4 Kf5 32.h5 Nf6 33.Rf2+ Ke4 34.Bxb6 Ng4 35.Rg2 Ne3 36.Bxe3 Kxe3
37.Rg8 Kd4 38.Rc8 Kxc4 39.Rxc7 Rh6 40.Rd7 Rxh5 41.Rxd6 Rh2 42.Re6 Rc2 43.d6 Kd4+
44.Kd7 Kd5 45.Ke7 Rh2 46.Rg6 Rh7+ 47.Kd8 Kc6 48.d7+ Kb7 49.Re6 a4 50.Rxe5 Kc6
51.Re6+ Kb7 52.Rd6  1-0

[Event "ECC"]
[Site "Halkidiki GRE"]
[Date "2002.09.28"]
[Round "7"]
[White "Ivanchuk,V"]
[Black "Filippov,V"]
[Result "1-0"]
[WhiteElo "2711"]
[BlackElo "2615"]

1.e4 c5 2.Nf3 Nc6 3.Bb5 g6 4.Bxc6 dxc6 5.d3 Bg7 6.h3 Nf6 7.Nc3 Nd7 8.Be3 e5
9.Qd2 Qe7 10.Bh6 Bxh6 11.Qxh6 f6 12.Nh4 Qf8 13.Qd2 Qe7 14.O-O-O f5 15.g3 f4
16.Ng2 fxg3 17.fxg3 Nf8 18.h4 h5 19.Rdf1 Ne6 20.Rf2 Nd4 21.Qg5 Qxg5+ 22.hxg5 Rf8
23.Rhf1 Rxf2 24.Rxf2 Be6 25.Na4 b6 26.c3 Nb5 27.Nh4 O-O-O 28.c4 Rxd3 29.cxb5 cxb5
30.Nc3 b4 31.Rf6 Bc4 32.Nd5 Bxa2 33.Rf3 Rd4 34.Nf6 Rc4+ 35.Kd2 Bb1 36.Ke3 a5
37.Nxg6 a4 38.Rf1 a3 39.Rxb1 a2 40.Ra1 b3 41.Nxe5  1-0

[Event "Olympiad"]
[Site "Bled SLO"]
[Date "2002.10.31"]
[Round "6"]
[White "Short,N"]
[Black "Ivanchuk,V"]
[Result "1/2-1/2"]
[WhiteElo "2684"]
[BlackElo "2709"]

1.e4 c5 2.Nc3 Nc6 3.g3 Nf6 4.Bg2 e6 5.d3 Be7 6.Nh3 d5 7.O-O dxe4 8.dxe4 Qxd1
9.Nxd1 O-O 10.Ne3 Rd8 11.f4 b5 12.Nf2 Rb8 13.c3 Bb7 14.Re1 c4 15.Nf1 Nd7
16.Be3 Nc5 17.Rad1 a6 18.Rxd8+ Rxd8 19.Rd1 Rxd1 20.Nxd1 Kf8 21.Nd2  1/2-1/2

[Event "Olympiad"]
[Site "Bled SLO"]
[Date "2002.11.04"]
[Round "9"]
[White "Ivanchuk,V"]
[Black "Radulski,J"]
[Result "1-0"]
[WhiteElo "2709"]
[BlackElo "2487"]

1.e4 e5 2.Nf3 Nc6 3.Bb5 a6 4.Ba4 Nf6 5.O-O Be7 6.Re1 b5 7.Bb3 d6 8.a4 Na5
9.Ba2 b4 10.c3 c5 11.d4 cxd4 12.cxd4 Bg4 13.Nbd2 Bh5 14.Nb3 Nxb3 15.Qxb3 Qb8
16.Nh4 O-O 17.Qg3 Bg6 18.Nxg6 hxg6 19.dxe5 dxe5 20.Bb3 Kh8 21.Qh4+ Kg8 22.Bg5 Rd8
23.Re3 Qd6 24.Rh3 Kf8 25.Qh8+ Ng8 26.Rh7 Bf6 27.Bh6 Ke7 28.Bxg7  1-0

[Event "Olympiad"]
[Site "Bled SLO"]
[Date "2002.11.05"]
[Round "10"]
[White "Macieja,B"]
[Black "Ivanchuk,V"]
[Result "1/2-1/2"]
[WhiteElo "2615"]
[BlackElo "2709"]

1.e4 c5 2.Nc3 a6 3.Nge2 Nf6 4.g3 Nc6 5.Bg2 e6 6.O-O Be7 7.d4 cxd4 8.Nxd4 Qc7
9.Re1 O-O 10.Nxc6 dxc6 11.e5 Rd8 12.Qf3 Nd5 13.h4 b6 14.Bg5 Bxg5 15.hxg5 Nxc3
16.Qxc6 Qxc6 17.Bxc6 Rb8 18.bxc3 Bb7 19.Bxb7 Rxb7 20.Red1 Rc8 21.Rab1 h6
22.gxh6 gxh6 23.Rb3 Rc5 24.f4 Rbc7 25.Rd3 b5 26.Ra3 b4 27.Rxa6 Rxc3 28.Rxc3 Rxc3
29.Kg2  1/2-1/2

[Event "Olympiad"]
[Site "Bled SLO"]
[Date "2002.11.08"]
[Round "13"]
[White "Ivanchuk,V"]
[Black "Georgiev,Vl"]
[Result "1/2-1/2"]
[WhiteElo "2709"]
[BlackElo "2501"]

1.d4 d5 2.c4 c6 3.Nc3 Nf6 4.e3 a6 5.Qc2 e6 6.Nf3 c5 7.cxd5 exd5 8.Be2 Nc6
9.Ne5 Qc7 10.Nxc6 Qxc6 11.dxc5 Qxc5 12.O-O Bd6 13.Rd1 O-O 14.Bd2 Be5 15.Qd3 Be6
16.Rac1 d4 17.Ne4 Qb6 18.b3 Rfd8 19.Nxf6+ Bxf6 20.e4 Bd7 21.Qg3 Bb5 22.Bc4 Rac8
23.Qd3 Be7 24.g3 Rc6 25.a4 Bxc4 26.Rxc4 Rxc4 27.Qxc4 h5 28.Rc1 Ba3 29.Qc7 Rd6
30.Qc8+ Rd8 31.Qc7 Rd6  1/2-1/2

[Event "AIG Life rapid"]
[Site "Warsaw POL"]
[Date "2002.12.21"]
[Round "2"]
[White "Adamski,J"]
[Black "Ivanchuk,V"]
[Result "0-1"]
[WhiteElo "2325"]
[BlackElo "2709"]

1.Nf3 c5 2.c4 Nc6 3.Nc3 Nf6 4.d4 cxd4 5.Nxd4 e6 6.a3 Nxd4 7.Qxd4 b6 8.Bg5 h6
9.Bxf6 Qxf6 10.Qxf6 gxf6 11.Nb5 Kd8 12.O-O-O Ba6 13.e3 h5 14.h4 f5 15.Kb1 Bxb5
16.cxb5 d5 17.g3 Bc5 18.Be2 Ke7 19.Rd2 Rad8 20.Rhd1 Kf6 21.b4 Bd6 22.Ka2 Rc8
23.Kb3 Be5 24.Rc2 Rxc2 25.Kxc2 Rc8+ 26.Kb1 Rc3 27.Bxh5 Rxa3 28.Be2 Ra1+ 29.Kc2 Ra2+
30.Kd3 Bd6 31.Rb1 e5  0-1

[Event "AIG Life rapid"]
[Site "Warsaw POL"]
[Date "2002.12.21"]
[Round "3"]
[White "Ivanchuk,V"]
[Black "Grabarczyk,B"]
[Result "1-0"]
[WhiteElo "2709"]
[BlackElo "2439"]

1.d4 f5 2.g3 Nf6 3.Bg2 g6 4.Nf3 Bg7 5.b4 O-O 6.O-O d6 7.Bb2 c6 8.c4 Na6 9.Qb3 Kh8
10.Nbd2 Be6 11.a3 Bg8 12.Rfd1 Nc7 13.Qc2 Qe8 14.e3 h6 15.Nb3 g5 16.Na5 Rb8
17.Rac1 Bh7 18.Qe2 Ne4 19.d5 e5 20.dxc6 b6 21.Nb7 Qxc6 22.Nxd6 Nxd6 23.Nxe5 Qe8
24.Nc6 Nf7 25.Nxb8 Qxb8 26.Rd7 Ne8 27.Rb7 Qc8 28.c5 bxc5 29.Rxc5 Qd8 30.Rxa7 f4
31.exf4 gxf4 32.Ra8 Qd7 33.Bc6  1-0

[Event "AIG Life rapid"]
[Site "Warsaw POL"]
[Date "2002.12.21"]
[Round "5"]
[White "Ivanchuk,V"]
[Black "Kengis,E"]
[Result "1-0"]
[WhiteElo "2709"]
[BlackElo "2570"]

1.d4 e6 2.e4 c5 3.d5 exd5 4.exd5 d6 5.c4 Nf6 6.Nc3 Be7 7.Bd3 O-O 8.Nge2 Na6
9.O-O Nc7 10.Ng3 Rb8 11.Qc2 g6 12.f4 b5 13.b3 bxc4 14.bxc4 Nce8 15.h3 Ng7
16.f5 Nfe8 17.Bd2 Bf6 18.Rae1 Bd4+ 19.Kh1 Qh4 20.Rf3 Nf6 21.Qc1 Ngh5 22.Nge2 Ng4
23.Bg5 Nf2+ 24.Rxf2 Qxf2 25.Ne4 Qxf5 26.Nxd4 cxd4 27.Nf6+ Qxf6 28.Bxf6 Nxf6
29.Qf4 Ne8 30.Re7 Ng7 31.g4 a5 32.c5 Rb4 33.c6 h5 34.Kg2 hxg4 35.hxg4 a4
36.Kf3 Rb2 37.Qf6 Rxa2 38.Bxg6 Bxg4+ 39.Kxg4 Rg2+ 40.Kf3 Rxg6 41.Qf4 d3 42.Ra7 Nh5
43.Qd4 Rg3+ 44.Kf2 Rg6  1-0